Estrategias para el liderazgo competitivo (Registro nro. 2607)

Detalles MARC
000 -LEADER
fixed length control field 01877 a2200229 4500
001 - CONTROL NUMBER
control field 36076
005 - DATE AND TIME OF LATEST TRANSACTION
control field 20260407155638.0
008 - FIXED-LENGTH DATA ELEMENTS--GENERAL INFORMATION
fixed length control field 260407a2004 arg spa d
003 - CONTROL NUMBER IDENTIFIER
control field AR-UNSa-BCEJYS
040 ## - CATALOGING SOURCE
Original cataloging agency AR-UNSa-BCEJYS
Language of cataloging spa
Transcribing agency AR-UNSa-BCEJYS
080 ## - UNIVERSAL DECIMAL CLASSIFICATION NUMBER
Universal Decimal Classification number 658.012.2
Common auxiliary subdivision Planificación. Programas. Planes. Medidas de apoyo a la planificación( Administración estratégica...)
020 ## - INTERNATIONAL STANDARD BOOK NUMBER
International Standard Book Number 950-641-465-3
100 1# - MAIN ENTRY--PERSONAL NAME
Personal name Hax, Arnaldo C.
245 10 - TITLE STATEMENT
Title Estrategias para el liderazgo competitivo
Name of part/section of a work de la visión a los resultados
264 #1 - PRODUCTION, PUBLICATION, DISTRIBUTION, MANUFACTURE, AND COPYRIGHT NOTICE
Place of production, publication, distribution, manufacture Buenos Aires :
Name of producer, publisher, distributor, manufacturer Granica
Date of production, publication, distribution, manufacture, or copyright notice 2004
300 ## - PHYSICAL DESCRIPTION
Extent 536 p.
Dimensions 23 cm.
505 ## - FORMATTED CONTENTS NOTE
Formatted contents note I. Estrategia y proceso: 1. El concepto de estrategia y el proceso de formación de la estrategia - 2. Un proceso formal de planificación estratégica - II. Estrategia de negocios: 3. Estrategia de negocios: los conceptos fundamentales - 4. La misión del negocio - 53. El examen del medio externo a nivel del negocio - 6. Evaluación interna a nivel del negocio - 7. La formulación de la estrategia del negocio - 8. Evaluación estratégica y económica de los méritos de una estrategia - III. Estrategia corporativa: 9. Estrategia corporativa: los conceptos esenciales - 10. Examen del medio externo a nivel corporativo - 11. La misión de la empresa - 12. Segmentación del negocio - 13. Estrategia horizontal - 14. Integración vertical - 15. Filosofía corporativa - 16. Postura estratégica de la empresa - 17. Asignación de recursos y gestión de la cartera de negocios - IV. Estrategia funcional: 18. Estrategia funcional: los conceptos esencial - 19. Estrategia de recursos humanos - 20. Estrategia tecnológica - 21. Estrategia de fabricación.
590 ## - LOCAL NOTE (RLIN)
Local note niveau_biblio:m niveau_hierar:0
700 1# - ADDED ENTRY--PERSONAL NAME
Personal name Majluf, Nicolas S.
856 41 - ELECTRONIC LOCATION AND ACCESS
Uniform Resource Identifier <a href="https://biblioeco.unsa.edu.ar/pmb/images/libros/L87117.jpg">https://biblioeco.unsa.edu.ar/pmb/images/libros/L87117.jpg</a>
Link text Imagen de portada
Electronic format type image/jpeg
942 ## - ADDED ENTRY ELEMENTS (KOHA)
Koha item type
Existencias
Withdrawn status Lost status Damaged status Not for loan Home library Current library Shelving location Date acquired Total checkouts Full call number Barcode Date last seen Price effective from Koha item type
        Biblioteca Prof. Eusebio Cleto del Rey Biblioteca Prof. Eusebio Cleto del Rey   07/04/2026   658.012.2 H411 L87116 07/04/2026 07/04/2026 Libro
        Biblioteca Prof. Eusebio Cleto del Rey Biblioteca Prof. Eusebio Cleto del Rey   07/04/2026   658.012.2 H411 L116788 07/04/2026 07/04/2026 Libro
        Biblioteca Prof. Eusebio Cleto del Rey Biblioteca Prof. Eusebio Cleto del Rey   07/04/2026   658.012.2 H411 L116789 07/04/2026 07/04/2026 Libro
        Biblioteca Prof. Eusebio Cleto del Rey Biblioteca Prof. Eusebio Cleto del Rey   07/04/2026   658.012.2 H411 L87117 07/04/2026 07/04/2026 Libro